[Event "San Francisco Addison Memorial 19th"]
[Site "San Francisco"]
[Date "2019.06.23"]
[Round "4"]
[White "Ostrovsky, Sergey"]
[Black "Mallela, Abhishek"]
[Result "1-0"]
[WhiteElo "1972"]
[BlackElo "1996"]
[PlyCount "107"]
[EventDate "2019.06.21"]
[EventType "swiss"]
[EventRounds "5"]
[EventCountry "USA"]
[SourceTitle "CBM 191 Extra"]
[Source "ChessBase"]
[SourceDate "2019.09.30"]
[SourceVersion "1"]
[SourceVersionDate "2019.09.30"]
[SourceQuality "1"]

1. d4 g6 2. c4 Bg7 3. Nc3 d6 4. e4 e5 5. Be3 Nc6 6. d5 Nd4 7. Nge2 Bg4 8. f3 Bxf3 9. gxf3 Nxf3+ 10. Kf2 Qf6 11. Bg2 Nh6 12. h3 Nd4+ 13. Ke1 0-0 14. Qd2 Nf3+ 15. Bxf3 Qxf3 16. Rh2 f5 17. Ng1 Qh5 18. Qe2 Qh4+ 19. Bf2 Qe7 20. Nf3 fxe4 21. Nxe4 Nf5 22. Nfg5 Nd4 23. Bxd4 exd4 24. Ne6 Qh4+ 25. Kd2 Be5 26. Rhh1 Rf7 27. Qg4 Qh6+ 28. Qg5 Qxg5+ 29. N6xg5 Rf5 30. Ne6 c6 31. Raf1 Kf7 32. N4g5+ Kg8 33. Rxf5 gxf5 34. Rf1 f4 35. Nxf4 Rf8 36. Nge6 Rf6 37. Rg1+ Kh8 38. Rg4 Rf5 39. Kd3 h5 40. Rh4 Kh7 41. Rxh5+ Rxh5 42. Nxh5 Kg6 43. Nhf4+ Kf5 44. Ne2 c5 45. Nd8 Kg5 46. Nxb7 Kh4 47. Nd8 a6 48. Nc6 Bh2 49. Nb8 a5 50. a4 Kxh3 51. Nc6 Kg2 52. Nxa5 Kf3 53. Nc6 Be5 54. a5 1-0

[Event "Oklahoma City op 66th"]
[Site "Oklahoma"]
[Date "2011.07.10"]
[Round "5"]
[White "Mallela, Abhishek"]
[Black "Zelnick, David E"]
[Result "1-0"]
[WhiteElo "2085"]
[BlackElo "2006"]
[PlyCount "107"]
[EventDate "2011.07.09"]
[EventType "swiss"]
[EventRounds "5"]
[EventCountry "USA"]
[SourceTitle "CBM 143 Extra"]
[Source "ChessBase"]
[SourceDate "2011.08.29"]
[SourceVersion "1"]
[SourceVersionDate "2011.08.29"]
[SourceQuality "1"]

1. d4 d5 2. c4 e6 3. Nf3 c5 4. cxd5 exd5 5. Nc3 Nc6 6. Bg5 Be7 7. Bxe7 Ngxe7 8. e3 Bg4 9. dxc5 Qa5 10. Rc1 Qxc5 11. a3 Qa5 12. Qa4 Qxa4 13. Nxa4 Bxf3 14. gxf3 0-0 15. Bd3 Rac8 16. Rg1 d4 17. Ke2 dxe3 18. fxe3 Rfe8 19. Kf2 Nd5 20. Be4 Rcd8 21. Rgd1 Nf6 22. Bxc6 Rxd1 23. Rxd1 bxc6 24. e4 Kf8 25. Rc1 Rc8 26. Rc5 Nd7 27. Rc2 Ke7 28. b4 Kd6 29. Nc3 Ke5 30. Nb5 c5 31. Rd2 Ke6 32. Nxa7 Rc7 33. Nb5 Rb7 34. Nd6 Rb6 35. Nc4 Rb8 36. Rb2 cxb4 37. Rxb4 Ra8 38. Ke3 f5 39. Rb7 Ra4 40. Rb4 Ra7 41. Kd4 fxe4 42. fxe4 Nf6 43. Rb6+ Ke7 44. e5 Ng4 45. h4 Nh6 46. Kd5 Nf7 47. Re6+ Kf8 48. Rc6 Ke7 49. h5 Ra4 50. e6 Nd8 51. Rc7+ Ke8 52. Nd6+ Kf8 53. e7+ Kg8 54. e8R# 1-0

[Event "Red River Shootout 08th"]
[Site "Davis"]
[Date "2010.04.18"]
[Round "1"]
[White "Mallela, Abhishek"]
[Black "Pan, Shi Tian Yu"]
[Result "1/2-1/2"]
[WhiteElo "2153"]
[BlackElo "2123"]
[PlyCount "136"]
[EventDate "2010.04.18"]
[EventType "team-match"]
[EventRounds "2"]
[EventCountry "USA"]
[SourceTitle "CBM 136 Extra"]
[Source "ChessBase"]
[SourceDate "2010.07.02"]
[SourceVersion "2"]
[SourceVersionDate "2010.07.15"]
[SourceQuality "1"]

1. d4 Nf6 2. c4 e6 3. Nf3 c5 4. d5 exd5 5. cxd5 d6 6. Nc3 g6 7. Nd2 Nbd7 8. e4 Bg7 9. Be2 0-0 10. 0-0 Re8 11. Qc2 h5 12. h3 Rb8 13. a4 Nh7 14. f4 Ndf6 15. Bd3 h4 16. Be2 b6 17. Nc4 Bb7 18. Bf3 Ba6 19. Nb5 Bxb5 20. axb5 Qd7 21. e5 dxe5 22. Nxe5 Qc7 23. Rd1 Bf8 24. Qf2 Bd6 25. Nc4 Ne4 26. Bxe4 Rxe4 27. Nxd6 Qxd6 28. Rxa7 Nf6 29. Qxh4 Nxd5 30. Qg5 Rd4 31. Rf1 Qf6 32. Qg3 Ne7 33. f5 Re8 34. fxg6 Qxg6 35. Qxg6+ fxg6 36. Re1 Rdd8 37. Bg5 Nf5 38. Rxe8+ Rxe8 39. Kf2 Nd6 40. Re7 Rf8+ 41. Kg1 Rf5 42. Re6 Nxb5 43. Rxg6+ Kf7 44. Rxb6 Nd4 45. Be3 Nc2 46. Bf2 Rd5 47. Rc6 Nd4 48. Bxd4 cxd4 49. Rc2 Kf6 50. Kf2 Kf5 51. Ke1 Ke4 52. Kd2 Rf5 53. Ke1 Kd3 54. Rd2+ Ke3 55. Re2+ Kd3 56. Re8 Rb5 57. Re2 Rc5 58. b4 Rc2 59. Re5 Rxg2 60. h4 Rg6 61. h5 Rh6 62. b5 Kc2 63. Rc5+ Kd3 64. Kf2 Kd2 65. Kf3 d3 66. Kg4 Ke3 67. Rf5 Rd6 68. Re5+ Kf2 1/2-1/2

[Event "US op U18"]
[Site "Lindsborg"]
[Date "2004.07.25"]
[Round "6"]
[White "Mallela, Abhishek"]
[Black "Lehti, Dylan"]
[Result "1-0"]
[WhiteElo "1684"]
[BlackElo "1416"]
[PlyCount "61"]
[EventDate "2004.07.??"]
[EventType "swiss"]
[EventRounds "6"]
[EventCountry "USA"]
[EventCategory "1"]
[SourceTitle "EXT 2006"]
[Source "ChessBase"]
[SourceDate "2005.11.24"]
[SourceVersion "1"]
[SourceVersionDate "2005.11.24"]
[SourceQuality "1"]

1. d4 d5 2. c4 dxc4 3. e4 e5 4. d5 b5 5. b3 Ba6 6. bxc4 Qd7 7. cxb5 Bxb5 8. Bxb5 Qxb5 9. Qc2 Qa5+ 10. Bd2 Bb4 11. Bxb4 Qxb4+ 12. Nd2 Nf6 13. Ngf3 Qd6 14. Rc1 Na6 15. Qa4+ Kf8 16. Rc6 Nc5 17. Qa3 Qe7 18. Qxc5 Qxc5 19. Rxc5 Rb8 20. 0-0 Rb7 21. Nxe5 Ke7 22. Rc6 Rb2 23. Nec4 Rxa2 24. Rxc7+ Nd7 25. Rd1 Rd8 26. Ne5 Kd6 27. Rxd7+ Rxd7 28. Ndc4+ Kc5 29. Nxd7+ Kxc4 30. h3 f6 31. d6 1-0